Statistiken für Bevölkerungsreichsten US-Staaten

Klicken Sie hier um das Quiz zu spielen!

Allgemein

  • Dieses Quiz wurde 379 mal gespielt
  • Das Durchschnittsergebnis liegt bei 7 aus 9

Antwortstatistiken

EinwohnerzahlAntwort% Korrekt
19.745.000New York
99%
39.250.000Kalifornien
98%
27.862.000Texas
97%
20.612.000Florida
94%
10.310.000Georgia
67%
9.928.000Michigan
67%
11.614.000Ohio
67%
12.801.000Pennsylvania
63%
10.146.000North Carolina
48%

Verteilung der Resultate

Perzentil nach korrekt beantworteten Fragen

Anzahl Personen mit jedem Resultat

Ihre Resultats-Entwicklung

Sie haben dieses Quiz noch nicht gespielt